Úloha kultúrnych inštitúcií, vrátane etiky, v súčasnej spoločnosti v pozícii inštitucionalizmu

Tradícia inštitucionálnej ekonómie. Chápanie inštitucionálnej ekonómie. Vplyv kultúry na vývoj inštitúcií v ekonomickej teórii. Význam inštitucionálneho prístupu. Problematika poznávacích a kultúrnych zakotveností (cognitive and cultural embeddednes) ekonomického správania vo vzťahu k diskusii o inš...

ver descrição completa

Na minha lista:
Detalhes bibliográficos
Autor principal: Petričová, Jarmila
Formato: Capítulo de Livro
Idioma:eslovaco
Assuntos:
Tags: Adicionar Tag
Sem tags, seja o primeiro a adicionar uma tag!

MARC

LEADER 00000naa$a2200000$$$4500
001 0044242
005 20240502071523.0
041 0 |a slo 
044 |a SK 
245 1 0 |a Úloha kultúrnych inštitúcií, vrátane etiky, v súčasnej spoločnosti v pozícii inštitucionalizmu  |c Jarmila Petričová 
520 |a Tradícia inštitucionálnej ekonómie. Chápanie inštitucionálnej ekonómie. Vplyv kultúry na vývoj inštitúcií v ekonomickej teórii. Význam inštitucionálneho prístupu. Problematika poznávacích a kultúrnych zakotveností (cognitive and cultural embeddednes) ekonomického správania vo vzťahu k diskusii o inštitúciách v ekonómii. 
610 2 0 |a inštitucionalizmus 
610 2 0 |a ekonómia 
610 2 0 |a teórie ekonomické 
610 2 0 |a kultúra 
610 2 0 |a etika 
610 2 0 |a inštitúcia 
610 2 0 |a transformácia 
610 2 0 |a Slovensko 
100 1 |a Petričová, Jarmila